Exceso de legislación / (Registro nro. 8450)
[ vista simple ]
| 000 -LEADER | |
|---|---|
| fixed length control field | 01056nam a2200229Ia 4500 |
| 003 - CONTROL NUMBER IDENTIFIER | |
| control field | OSt |
| 005 - DATE AND TIME OF LATEST TRANSACTION | |
| control field | 20211020160441.0 |
| 008 - FIXED-LENGTH DATA ELEMENTS--GENERAL INFORMATION | |
| fixed length control field | 210310m1935 sp fr 000 0 spa d |
| 040 ## - CATALOGING SOURCE | |
| Original cataloging agency | CO-JMCR |
| Transcribing agency | CO-JMCR |
| 041 0# - LANGUAGE CODE | |
| Language code of text/sound track or separate title | spa |
| Language code of original | eng |
| 082 04 - DEWEY DECIMAL CLASSIFICATION NUMBER | |
| Classification number | 328 / |
| Item number | S745e |
| Edition number | 23 |
| 100 1# - MAIN ENTRY--PERSONAL NAME | |
| Personal name | Spencer, Herbert, |
| 9 (RLIN) | 17307 |
| Relator term | autor |
| 245 10 - TITLE STATEMENT | |
| Title | Exceso de legislación / |
| Statement of responsibility, etc. | por Herbert Spencer ; traducción por Miguel de Unamuno |
| 260 ## - PUBLICATION, DISTRIBUTION, ETC. | |
| Place of publication, distribution, etc. | Madrid : |
| Name of publisher, distributor, etc. | La España Moderna, |
| Date of publication, distribution, etc. | [1935?] |
| 300 ## - PHYSICAL DESCRIPTION | |
| Extent | 323 páginas ; |
| Dimensions | 23 cm. |
| 490 0# - SERIES STATEMENT | |
| Series statement | Biblioteca de Jurisprudencia, filosofía e historia |
| 505 0# - FORMATTED CONTENTS NOTE | |
| Formatted contents note | Exceso de legislación -- Para qué es bueno el sistema representativo -- La reforma parlamentaria.-Los peligros y las salvaguardias -- Instrucción del Estado en la circulación monetaria y fiduciaria -- Administración especializada -- Stuar Mill contra Hamilton.-El criterio de verdad -- De la libertad a la esclavitud |
| 650 14 - SUBJECT ADDED ENTRY--TOPICAL TERM | |
| Topical term or geographic name entry element | Derecho |
| 9 (RLIN) | 17309 |
| Geographic subdivision | España |
| 650 24 - SUBJECT ADDED ENTRY--TOPICAL TERM | |
| Topical term or geographic name entry element | Derecho |
| General subdivision | Filosofía |
| 9 (RLIN) | 13770 |
| 700 1# - ADDED ENTRY--PERSONAL NAME | |
| Personal name | Unamuno, Miguel de, |
| Relator term | traductor |
| 9 (RLIN) | 41230 |
| 942 ## - ADDED ENTRY ELEMENTS (KOHA) | |
| Source of classification or shelving scheme | Dewey Decimal Classification |
| Koha item type | Books |
| Withdrawn status | Lost status | Source of classification or shelving scheme | Damaged status | Not for loan | Collection code | Home library | Current library | Date acquired | Source of acquisition | Full call number | Barcode | Date last seen | Copy number | Koha item type | Public note |
|---|---|---|---|---|---|---|---|---|---|---|---|---|---|---|---|
| Dewey Decimal Classification | Non-fiction | Biblioteca Pública José María del Castillo y Rada | Biblioteca Pública José María del Castillo y Rada | 04/15/2018 | Donación | 328 / S745e | 430006413 | 05/16/2024 | Ej.1 | Books | Exilibris: Rubrica en portada con tinta roja. |